Nyugdíjcélú megtakarítások lakossági és szakmai szemmel

Bibliográfiai részletek
Szerző: Repovszki Gergő
További közreműködők: Engelberth Dr István
Dokumentumtípus: Diplomadolgozat
Kulcsszavak:Nyugdíj
Megtakarítás
Biztosítás
Online Access:http://dolgozattar.uni-bge.hu/16916

MARC

LEADER 00000nta a2200000 i 4500
001 dolg16916
005 20200330135426.0
008 180516suuuu hu om 000 hun d
040 |a BGE Dolgozattár Repozitórium  |b hun 
041 |a hu 
100 1 |a Repovszki Gergő 
245 1 0 |a Nyugdíjcélú megtakarítások lakossági és szakmai szemmel  |c Repovszki Gergő  |h [elektronikus dokumentum] 
246 1 1 |a Nyugdíjcélú megtakarítások lakossági és szakmai szemmel 
695 |a Nyugdíj 
695 |a Megtakarítás 
695 |a Biztosítás 
700 1 |a Engelberth Dr István  |e ths 
856 4 0 |u http://dolgozattar.uni-bge.hu/16916/1/Nyugd%C3%ADjc%C3%A9l%C3%BA%20megtakar%C3%ADt%C3%A1sok%20lakoss%C3%A1gi%20%C3%A9s%20szakmai%20szemmel.pdf  |z Dokumentum-elérés 
856 4 0 |u http://dolgozattar.uni-bge.hu/16916/2/Nyilatkozat%20nyilv%C3%A1noss%C3%A1%20t%C3%A9telr%C5%91l.pdf  |z Dokumentum-elérés